| 000 | 00432nam a2200109Ia 4500 | ||
|---|---|---|---|
| 008 | 171212s9999 xx 000 0 und d | ||
| 100 | _aGroves, David G.;Bloom, Evan | ||
| 245 |
_cGroves, David G.;Bloom, Evan _aRobust Water-Management Strategies for the California Water Plan Update 2013 _bProof-of-Concept Analysis |
||
| 260 |
_bRAND Corporation _c2013 |
||
| 650 | _aHistory | ||
| 856 | _uhttp://www.jstor.org/stable/10.7249/j.ctt5hht09 | ||
| 999 |
_c352508 _d352508 |
||